000 01618nam a2200553 a 4500
001 22786
003 SK-KTurca
005 20260423132242.0
008 110225s2010 xo hofcg n 001 0cslo d
020 _a9788081013799 (viaz.)
035 _a(VRT)vtls010200585
040 _aTOTK
_bslo
_cUKB
_eAACR2
041 1 _aslo
_heng
044 _axo
_cSK
072 7 _a929
_xBiografie
_2konspekt
080 _a929
_22004
080 _a32-051
_22004
080 _a314.743:32
_22004
080 _a(=162.4)
_22004
080 _a(73)
_22004
080 _a(437)
_22004
080 _a(437.6)
_22004
080 _a(092)
_22004
080 _a323
_22004
100 1 _aPalka, John,
_d1939-
245 1 0 _aMoje Slovensko, moja rodina
_cJohn Palka ; [z anglického originálu preložila Michaela Chorváthová]
250 _a1. vyd.
260 _aBratislava
_bKalligram
_c2010
300 _a367 s., [63] s. obr. príl.
_bil., portr., faksim.
504 _aBibliogr. skrytá. Reg.
600 1 7 _aHodža, Milan,
_d1878-1944
_2UKBPH
650 0 7 _apolitici
_zSlovensko
_y20. stor.
_2UKBPH
650 0 7 _aSlováci
_zUSA
_y20. stor.
_2UKBPH
650 0 7 _apolitická emigrácia
_zČeskoslovensko
_y1948-
_2UKBPH
651 7 _aSlovensko
_xspoločnosť a politika
_y20. stor.
_2UKBPH
653 _a929
653 _a32-051
653 _a323
653 _a314.743:32
653 _a(=162.4)
653 _a(73)
653 _a(437)
653 _a(437.6)
653 _a(092)
655 7 _abiografie
_2UKBPH
700 1 _aChorváthová, Michaela
_4trl
942 _2ddc
_cOLDO
_n0
999 _c22786
_d22786